Statistics for Countries Beginning with A

Click here to take the quiz!

General Stats

  • This quiz has been taken 516 times
  • The average score is 9 of 14

Answer Stats

HintAnswer% Correct
8Australia
91%
9Austria
88%
4Andorra
82%
7Armenia
80%
2Albania
79%
3Algeria
79%
6Argentina
79%
5Angola
77%
10Azerbaijan
76%
13Antigua & Burbuda
68%
1Afghanistan
62%
14Aruba
23%
12Anguilla
9%
11Aland Islands
6%

Score Distribution

Percentile by Number Answered

Percent of People with Each Score

Your Score History

You have not taken this quiz